United States foreign policy towards India : (Record no. 124062)

MARC details
000 -LEADER
fixed length control field 00724nam a22002297a 4500
005 - DATE AND TIME OF LATEST TRANSACTION
control field 20170124105934.0
010 ## - LIBRARY OF CONGRESS CONTROL NUMBER
LC control number A-456657
020 ## - INTERNATIONAL STANDARD BOOK NUMBER
Terms of availability 00.00
International Standard Book Number 817095021
035 ## - SYSTEM CONTROL NUMBER
System control number A-456657
037 ## - SOURCE OF ACQUISITION
Source of stock number/acquisition Cen Lib/Ret
040 ## - CATALOGING SOURCE
Original cataloging agency DPL
Language of cataloging EN
082 ## - DEWEY DECIMAL CLASSIFICATION NUMBER
Classification number 327.73054
Item number VIN
100 ## - MAIN ENTRY--PERSONAL NAME
Personal name Vinod, M. J.
9 (RLIN) 9082
245 ## - TITLE STATEMENT
Title United States foreign policy towards India :
Statement of responsibility, etc by M. J. Vinod
Remainder of title a diagnosis of the American approach /
260 ## - PUBLICATION, DISTRIBUTION, ETC. (IMPRINT)
Place of publication, distribution, etc New Delhi
Name of publisher, distributor, etc Lancers Book
Date of publication, distribution, etc 1991
270 ## - ADDRESS
Address P. O. Box no.4236
City New Delhi
Postal code 110048
300 ## - PHYSICAL DESCRIPTION
Extent 278p.
Dimensions 21cm(Hb)
500 ## - GENERAL NOTE
General note Includes bibliographic references and index
650 ## - SUBJECT ADDED ENTRY--TOPICAL TERM
Topical term or geographic name as entry element United States
9 (RLIN) 9083
650 ## - SUBJECT ADDED ENTRY--TOPICAL TERM
Topical term or geographic name as entry element India
9 (RLIN) 9084
942 ## - ADDED ENTRY ELEMENTS (KOHA)
Source of classification or shelving scheme Dewey Decimal Classification
Koha item type English Books
Classification part 327.73054
Call number suffix VIN
Holdings
Withdrawn status Lost status Damaged status Not for loan Home library Current library Date acquired Source of acquisition Cost, normal purchase price Total Checkouts Full call number Barcode Date last seen Copy number Cost, replacement price Price effective from Koha item type
        Central Library Central Library 13/06/2015 Cen Lib/Ret 0.00   327.73054 VIN A-456657 13/06/2015 1 0.00 13/06/2015 English Books

© Delhi Public Library
Hit Counter
free hit counter